Анализ методов математического моделирования электрической активности сердца; Информационные технологии в науке, управлении, социальной сфере и медицине; Ч. 1

Manylion Llyfryddiaeth
Parent link:Информационные технологии в науке, управлении, социальной сфере и медицине: сборник научных трудов III Международной научной конференции, 23-26 мая 2016 г., Томск.— , 2016
Ч. 1.— 2016.— [С. 649-651]
Prif Awdur: Данилов В. В. Вячеслав Владимирович
Awdur Corfforaethol: Национальный исследовательский Томский политехнический университет (ТПУ) Институт кибернетики (ИК) Кафедра прикладной математики (ПМ)
Awduron Eraill: Литвинов Р. Г., Гергет О. М. Ольга Михайловна
Crynodeb:Заглавие с титульного экрана
Nowadays, due to the prevalence of cardiovascular diseases there is extremely high demand not only in the development of new means of treatment and diagnosis, but also in their wider implementation in practice. Improving the efficiency of non-invasive diagnostic techniques, in our opinion, is one of the key tasks, the solution of which will significantly help in the treatment of cardiovascular diseases. The achievements of modern science, in particular - biology, biophysics and cybernetics, provide great opportunities for solving this problem through the development of mathematical models of cardiac electrical activity. The purpose of this article is to review the heart electrophysiology and the main approaches to the modeling of cardiac electrical activity as well as specific models.
Iaith:Rwseg
Cyhoeddwyd: 2016
Cyfres:Математические методы и информационные технологии в медицине
Pynciau:
Mynediad Ar-lein:http://earchive.tpu.ru/handle/11683/31380
Fformat: Electronig Pennod Llyfr
KOHA link:https://koha.lib.tpu.ru/cgi-bin/koha/opac-detail.pl?biblionumber=619542

MARC

LEADER 00000naa2a2200000 4500
001 619542
005 20251126143321.0
035 |a (RuTPU)RU\TPU\conf\17978 
035 |a RU\TPU\conf\17975 
090 |a 619542 
100 |a 20160824d2016 k y0rusy50 ca 
101 0 |a rus 
102 |a RU 
105 |a y z 101zy 
135 |a drgn ---uucaa 
181 0 |a i  
182 0 |a b 
200 1 |a Анализ методов математического моделирования электрической активности сердца  |d An analysis of mathematical modelling techniques of the heart electrical activity  |f В. В. Данилов, Р. Г. Литвинов, О. М. Гергет 
203 |a Текст  |c электронный 
225 1 |a Математические методы и информационные технологии в медицине 
300 |a Заглавие с титульного экрана 
320 |a [Библиогр.: с. 650-651 (9 назв.)] 
330 |a Nowadays, due to the prevalence of cardiovascular diseases there is extremely high demand not only in the development of new means of treatment and diagnosis, but also in their wider implementation in practice. Improving the efficiency of non-invasive diagnostic techniques, in our opinion, is one of the key tasks, the solution of which will significantly help in the treatment of cardiovascular diseases. The achievements of modern science, in particular - biology, biophysics and cybernetics, provide great opportunities for solving this problem through the development of mathematical models of cardiac electrical activity. The purpose of this article is to review the heart electrophysiology and the main approaches to the modeling of cardiac electrical activity as well as specific models. 
461 1 |0 (RuTPU)RU\TPU\conf\17281  |t Информационные технологии в науке, управлении, социальной сфере и медицине  |o сборник научных трудов III Международной научной конференции, 23-26 мая 2016 г., Томск  |o в 2 ч.  |d 2016 
463 1 |0 (RuTPU)RU\TPU\conf\17283  |t Ч. 1  |f Национальный исследовательский Томский политехнический университет (ТПУ) ; ред. кол. О. Г. Берестнева ; О. М. Гергет ; Т. А. Гладкова  |v [С. 649-651]  |d 2016 
510 1 |a An analysis of mathematical modelling techniques of the heart electrical activity  |z eng 
610 1 |a труды учёных ТПУ 
610 1 |a электронный ресурс 
610 1 |a электрическая активность 
610 1 |a электрофизиология 
610 1 |a сердечно-сосудистые заболевания 
610 1 |a диагностирование 
610 1 |a моделирование 
700 1 |a Данилов  |b В. В.  |c специалист в области информатики и вычислительной техники  |c инженер Томского политехнического университета  |g Вячеслав Владимирович  |3 (RuTPU)RU\TPU\pers\37129 
701 1 |a Литвинов  |b Р. Г. 
701 1 |a Гергет  |b О. М.  |c специалист в области информатики и вычислительной техники  |c профессор Томского политехнического университета, доктор наук  |f 1974-  |g Ольга Михайловна  |3 (RuTPU)RU\TPU\pers\28996  |9 13717 
712 0 2 |a Национальный исследовательский Томский политехнический университет (ТПУ)  |b Институт кибернетики (ИК)  |b Кафедра прикладной математики (ПМ)  |3 (RuTPU)RU\TPU\col\18700 
801 2 |a RU  |b 63413507  |c 20160912  |g RCR 
856 4 |u http://earchive.tpu.ru/handle/11683/31380 
942 |c BK